El Rol de las organizaciones no gubernamentales de la salud comunitaria /
保存先:
| 第一著者: | |
|---|---|
| その他の著者: | |
| フォーマット: | テキスト |
| 出版事項: |
San Pedro de M. de O.:
UCR. FCS. IIS
|
| タグ: |
タグ追加
タグなし, このレコードへの初めてのタグを付けませんか!
|
MARC
| LEADER | 00000 a a2200000 04500 | ||
|---|---|---|---|
| 001 | 14332 | ||
| 003 | |||
| 040 | |||
| 090 | |a 028200 | ||
| 100 | |a Krauskopf Roger, Dina | ||
| 245 | |a El Rol de las organizaciones no gubernamentales de la salud comunitaria / |c Dina Krauskopf Roger | ||
| 260 | |a San Pedro de M. de O.: |b UCR. FCS. IIS | ||
| 300 | |a 71 p. | ||
| 700 | |a Picado Gatgens, Xinia | ||
| 999 | |c 3731 |d 3731 | ||
